[Event "Oberliga Wuerttemberg 1718"]
[Site "Wuerttemberg"]
[Date "2018.02.18"]
[Round "7"]
[White "Weber, Franz Josef"]
[Black "Frick, Christoph"]
[Result "0-1"]
[WhiteElo "2062"]
[BlackElo "2251"]
[PlyCount "60"]
[EventDate "2017.09.17"]
[EventType "team-tourn"]
[EventRounds "9"]
[EventCountry "GER"]
[SourceTitle "EXT 2019"]
[Source "ChessBase"]
[SourceDate "2018.10.10"]
[SourceVersion "1"]
[SourceVersionDate "2018.10.10"]
[SourceQuality "1"]
[WhiteTeam "Ulm Weisse Dame"]
[BlackTeam "Bebenhausen"]
[WhiteTeamCountry "GER"]
[BlackTeamCountry "GER"]

1. e4 c6 2. Ne2 d5 3. e5 Bf5 4. Ng3 Bg6 5. h4 h5 6. e6 Qd6 7. exf7+ Bxf7 8. d4 e5 9. dxe5 Qxe5+ 10. Be2 Bc5 11. Nd2 Nf6 12. Nf3 Qc7 13. Bg5 Nbd7 14. Qd2 0-0-0 15. Bf4 Qb6 16. 0-0 Bg6 17. Ng5 Qxb2 18. Bd3 Bxd3 19. Qxd3 Rde8 20. Nf5 Ne5 21. Bxe5 Rxe5 22. Rfb1 Qa3 23. Rb3 Qa4 24. Nf7 Rhe8 25. N5d6+ Kb8 26. Nxe8 Rxe8 27. Rab1 Qxh4 28. g3 Qh3 29. Nd6 Bxf2+ 30. Kxf2 Ng4+ 0-1

[Event "Oberliga Wuerttemberg 1718"]
[Site "Wuerttemberg"]
[Date "2018.01.21"]
[Round "6"]
[White "Hofmann, Martin"]
[Black "Weber, Franz Josef"]
[Result "0-1"]
[WhiteElo "2219"]
[BlackElo "2062"]
[PlyCount "124"]
[EventDate "2017.09.17"]
[EventType "team-tourn"]
[EventRounds "9"]
[EventCountry "GER"]
[SourceTitle "EXT 2019"]
[Source "ChessBase"]
[SourceDate "2018.10.10"]
[SourceVersion "1"]
[SourceVersionDate "2018.10.10"]
[SourceQuality "1"]
[WhiteTeam "Stuttgart SF"]
[BlackTeam "Ulm Weisse Dame"]
[WhiteTeamCountry "GER"]
[BlackTeamCountry "GER"]

1. d4 Nf6 2. c4 c5 3. d5 e6 4. Nc3 exd5 5. cxd5 d6 6. e4 g6 7. Bb5+ Nbd7 8. a4 Bg7 9. Nf3 0-0 10. 0-0 a6 11. Be2 Re8 12. Qc2 b6 13. Re1 h6 14. Bf4 Qe7 15. h3 g5 16. Bh2 g4 17. hxg4 Nxg4 18. Bg3 Nde5 19. Qd2 Bd7 20. Nxe5 Nxe5 21. Ra3 b5 22. axb5 axb5 23. Rxa8 Rxa8 24. Nxb5 Bxb5 25. Bxb5 Rb8 26. Bf1 Rxb2 27. Qf4 Qg5 28. Ra1 Qh5 29. Ra8+ Kh7 30. Rd8 Rb1 31. Qf5+ Qxf5 32. exf5 Nc4 33. Bf4 Be5 34. Be3 Nxe3 35. fxe3 Bg3 36. f6 h5 37. Rf8 h4 38. Rxf7+ Kg6 39. Rf8 Re1 40. e4 c4 41. Rc8 Rxe4 42. f7 Kxf7 43. Rxc4 Re1 44. Rc8 Rd1 45. Rc3 Kf6 46. Rd3 Re1 47. Rd2 Rc1 48. Re2 Rd1 49. Re3 Kf5 50. Rb3 Ke4 51. Rb5 Be5 52. Kf2 Bg3+ 53. Kg1 Ra1 54. Rb3 Kxd5 55. Rf3 Ke4 56. Rb3 d5 57. Rc3 d4 58. Rf3 d3 59. Rxd3 Rxf1+ 60. Kxf1 Kxd3 61. Kg1 Ke3 62. Kf1 Bf2 0-1

[Event "WchT Seniors 50"]
[Site "Radebeul"]
[Date "2016.07.02"]
[Round "7.9"]
[White "Visser, Gerrit M"]
[Black "Weber, Franz Josef"]
[Result "0-1"]
[WhiteElo "2047"]
[BlackElo "2136"]
[PlyCount "68"]
[EventDate "2016.06.26"]
[EventType "team-swiss"]
[EventRounds "9"]
[EventCountry "GER"]
[SourceTitle "CBM 173 Extra"]
[Source "ChessBase"]
[SourceDate "2016.08.29"]
[SourceVersion "1"]
[SourceVersionDate "2016.08.29"]
[SourceQuality "1"]
[WhiteTeam "Oranje II"]
[BlackTeam "Monheim"]
[WhiteTeamCountry "NED"]
[BlackTeamCountry "GER"]

1. e4 d6 2. d4 Nf6 3. Nc3 g6 4. f4 Bg7 5. Nf3 0-0 6. Bd3 Na6 7. 0-0 c5 8. Bxa6 cxd4 9. Nxd4 bxa6 10. Kh1 Bb7 11. Qd3 Qa5 12. Be3 Nxe4 13. Nxe4 Qd5 14. f5 Qxe4 15. Qxe4 Bxe4 16. fxg6 hxg6 17. c3 Rfc8 18. Rf2 e5 19. Nb3 f5 20. Bg5 Kf7 21. Rd1 Ke6 22. Nd2 Bb7 23. Nb3 Rc7 24. Rfd2 Bf8 25. Na5 Be4 26. c4 f4 27. Re1 Kf5 28. Bh4 Rb8 29. a3 Rh7 30. Bf2 Be7 31. Kg1 Rbh8 32. h3 Ba8 33. b4 f3 34. g4+ Ke6 0-1

[Event "WchT Seniors 50"]
[Site "Radebeul"]
[Date "2016.06.30"]
[Round "5.3"]
[White "Weber, Franz Josef"]
[Black "Karppinen, Martti"]
[Result "1/2-1/2"]
[WhiteElo "2136"]
[BlackElo "1916"]
[PlyCount "101"]
[EventDate "2016.06.26"]
[EventType "team-swiss"]
[EventRounds "9"]
[EventCountry "GER"]
[SourceTitle "CBM 173 Extra"]
[Source "ChessBase"]
[SourceDate "2016.08.29"]
[SourceVersion "1"]
[SourceVersionDate "2016.08.29"]
[SourceQuality "1"]
[WhiteTeam "Monheim"]
[BlackTeam "Finland"]
[WhiteTeamCountry "GER"]
[BlackTeamCountry "FIN"]

1. e4 c5 2. Nf3 Nc6 3. Nc3 d6 4. d4 cxd4 5. Nxd4 Nxd4 6. Qxd4 e6 7. Be3 Ne7 8. 0-0-0 Nc6 9. Qd2 Be7 10. Bc4 0-0 11. f4 a6 12. g4 b5 13. Bb3 Na5 14. g5 Nxb3+ 15. axb3 Bb7 16. Qd4 Qa5 17. b4 Qc7 18. Rhg1 Rac8 19. f5 d5 20. f6 e5 21. Qb6 Qxb6 22. Bxb6 Bxb4 23. Nxd5 Bc5 24. Ne7+ Bxe7 25. fxe7 Rfe8 26. Rd8 Bxe4 27. Re1 Bg6 28. Rxe8+ Rxe8 29. Rxe5 f6 30. gxf6 gxf6 31. Re3 Kf7 32. Bc5 Rc8 33. b4 a5 34. bxa5 Ke8 35. Rc3 b4 36. Bxb4 Rxc3 37. Bxc3 Kxe7 38. a6 Be4 39. Kd2 f5 40. Bd4 Kd6 41. c4 Bg2 42. Kc3 Kc6 43. Kb4 Be4 44. Be3 Bf3 45. Kc3 Be4 46. a7 Kd6 47. Kd4 Bg2 48. Bf4+ Ke6 49. Kc5 Kd7 50. Kd4 Ke6 51. Kc5 1/2-1/2

[Event "Mittelrhein Regionalliga 1314"]
[Site "Mittelrhein"]
[Date "2013.12.15"]
[Round "5.3"]
[White "Haskelman, Evgen"]
[Black "Weber, Franz Josef"]
[Result "1/2-1/2"]
[WhiteElo "2128"]
[BlackElo "2068"]
[PlyCount "157"]
[EventDate "2013.09.15"]
[EventType "team-tourn"]
[EventRounds "11"]
[EventCountry "GER"]
[SourceTitle "EXT 2023"]
[Source "ChessBase"]
[SourceDate "2022.10.05"]
[SourceVersion "1"]
[SourceVersionDate "2022.10.05"]
[SourceQuality "1"]
[WhiteTeam "Koeln Ford SF"]
[BlackTeam "Langenfeld"]
[WhiteTeamCountry "GER"]
[BlackTeamCountry "GER"]

1. e4 g6 2. d4 Bg7 3. g3 d6 4. Bg2 Nf6 5. Ne2 0-0 6. 0-0 Nc6 7. h3 e5 8. Be3 Re8 9. Nbc3 Bd7 10. d5 Nb4 11. a3 Na6 12. b4 Qe7 13. Qd3 Nb8 14. a4 c6 15. Rfd1 cxd5 16. Nxd5 Nxd5 17. Qxd5 Be6 18. Qxd6 Qxd6 19. Rxd6 Bf8 20. Rdd1 Bxb4 21. Rab1 Nc6 22. c3 Ba5 23. Rxb7 Bc4 24. Bf1 Red8 25. Rbd7 Rxd7 26. Rxd7 Bb3 27. Nc1 Bxa4 28. Bc4 Nd8 29. Re7 Bxc3 30. Bd5 Rc8 31. Rxa7 Bd4 32. Bxd4 Rxc1+ 33. Kg2 exd4 34. Rxa4 Kg7 35. Rxd4 Rc7 36. Rc4 Re7 37. Rb4 Ne6 38. Rb7 Nc7 39. Bb3 Rd7 40. e5 h5 41. h4 Kf8 42. Ba4 Rd4 43. Bc6 Ne6 44. Rd7 Rxd7 45. Bxd7 Nd4 46. f3 Ke7 47. Bc8 f6 48. exf6+ Kxf6 49. Kf2 Nc6 50. Ke3 Ne7 51. Bd7 Ke5 52. Kd3 Nf5 53. Be8 Ne7 54. f4+ Kf6 55. Bd7 Nd5 56. Kd4 Ne7 57. Bh3 Nc6+ 58. Ke4 Ne7 59. Bd7 Ng8 60. f5 g5 61. hxg5+ Kxg5 62. Ke5 Nf6 63. Bc6 Ng4+ 64. Ke6 Nf6 65. Bf3 Nh7 66. Be2 Nf6 67. Bd3 Ng4 68. Ke7 Nf6 69. Kf7 Ng4 70. Kg7 Nf6 71. Be2 Ne8+ 72. Kh7 Nf6+ 73. Kg7 Ne8+ 74. Kf8 Nf6 75. Bd3 h4 76. gxh4+ Kxh4 77. Kf7 Kg5 78. Bc2 Ng4 79. Kg7 1/2-1/2

[Event "Mittelrhein Regionalliga 1314"]
[Site "Mittelrhein"]
[Date "2013.11.10"]
[Round "3.3"]
[White "Christensen, Niels Bech"]
[Black "Weber, Franz Josef"]
[Result "1/2-1/2"]
[WhiteElo "2146"]
[BlackElo "2068"]
[PlyCount "87"]
[EventDate "2013.09.15"]
[EventType "team-tourn"]
[EventRounds "11"]
[EventCountry "GER"]
[SourceTitle "EXT 2023"]
[Source "ChessBase"]
[SourceDate "2022.10.05"]
[SourceVersion "1"]
[SourceVersionDate "2022.10.05"]
[SourceQuality "1"]
[WhiteTeam "Bonn Beuel"]
[BlackTeam "Langenfeld"]
[WhiteTeamCountry "GER"]
[BlackTeamCountry "GER"]

1. d4 Nf6 2. c4 c5 3. d5 e6 4. Nc3 exd5 5. cxd5 d6 6. Nf3 g6 7. Nd2 a6 8. a4 Nbd7 9. e4 Bg7 10. Be2 0-0 11. 0-0 Re8 12. Qc2 Ne5 13. h3 Nh5 14. Bxh5 gxh5 15. f4 Ng6 16. Nf3 Kh8 17. Ng5 Bd4+ 18. Kh1 Qf6 19. Qe2 Qg7 20. Qxh5 f6 21. Ne6 Bxe6 22. dxe6 Rxe6 23. f5 Re5 24. Bh6 Qe7 25. Nd5 Rxd5 26. exd5 Ne5 27. Ra3 Rg8 28. Rd1 Nc4 29. Rb3 Qe4 30. Qf3 Qh4 31. Qf4 Qh5 32. Rxd4 cxd4 33. Qxd4 Ne5 34. Bf4 Qe2 35. Rg3 Rxg3 36. Bxg3 Qf1+ 37. Kh2 Qxf5 38. Qb6 Qd7 39. Qf2 Kg7 40. Bh4 Qf7 41. Qf5 Ng6 42. Bg3 Ne5 43. Bh4 Ng6 44. Bg3 1/2-1/2

[Event "NRW Class1 1213"]
[Site "Germany"]
[Date "2013.01.20"]
[Round "5.8"]
[White "Weber, Franz Josef"]
[Black "Pfleger, Sascha"]
[Result "1/2-1/2"]
[WhiteElo "1989"]
[BlackElo "2016"]
[PlyCount "83"]
[EventDate "2012.09.16"]
[EventType "team-tourn"]
[EventRounds "9"]
[EventCountry "GER"]
[SourceTitle "EXT 2017"]
[Source "ChessBase"]
[SourceDate "2016.10.25"]
[SourceVersion "1"]
[SourceVersionDate "2016.10.25"]
[SourceQuality "1"]
[WhiteTeam "Langenfeld"]
[BlackTeam "Letmathe"]
[WhiteTeamCountry "GER"]
[BlackTeamCountry "GER"]

1. e4 e6 2. d3 c5 3. Nf3 Nf6 4. g3 Be7 5. Bg2 Nc6 6. 0-0 b5 7. a4 b4 8. Re1 0-0 9. Nbd2 a5 10. e5 Nd5 11. Ne4 f5 12. exf6 Nxf6 13. Neg5 Nd5 14. h4 h6 15. Nh3 Bf6 16. Nd2 Nd4 17. Ne4 Be7 18. c3 Nf5 19. c4 Nc7 20. Bf4 Ra6 21. Rc1 d6 22. Be3 e5 23. f4 Nxe3 24. Rxe3 Bxh3 25. Bxh3 exf4 26. Rf3 d5 27. cxd5 Qxd5 28. gxf4 Rg6+ 29. Kh2 Bd6 30. Qd2 Kh8 31. Qf2 Ne6 32. Bxe6 Rxe6 33. Nxc5 Ref6 34. Rc4 Rxf4 35. Rfxf4 Rxf4 36. Rxf4 g5 37. hxg5 hxg5 38. d4 Bxf4+ 39. Kg1 Qf5 40. Qe2 Qb1+ 41. Kg2 Qf5 42. Qe8+ 1/2-1/2

[Event "NRW Class1 1112"]
[Site "Germany"]
[Date "2011.11.13"]
[Round "3.6"]
[White "Wicht, Juergen"]
[Black "Weber, Franz Josef"]
[Result "1-0"]
[WhiteElo "2123"]
[BlackElo "2033"]
[PlyCount "61"]
[EventDate "2011.09.18"]
[EventType "team-tourn"]
[EventRounds "9"]
[EventCountry "GER"]
[SourceTitle "EXT 2015"]
[Source "ChessBase"]
[SourceDate "2014.11.20"]
[SourceVersion "1"]
[SourceVersionDate "2014.11.20"]
[SourceQuality "1"]
[WhiteTeam "Elberfeld"]
[BlackTeam "Langenfeld"]
[WhiteTeamCountry "GER"]
[BlackTeamCountry "GER"]

1. d4 Nf6 2. c4 c5 3. d5 e6 4. Nc3 exd5 5. cxd5 g6 6. e4 d6 7. Be2 Bg7 8. h3 a6 9. a4 0-0 10. Nf3 Re8 11. Qc2 Qe7 12. Nd2 Nbd7 13. 0-0 Nh5 14. Bxh5 gxh5 15. Nc4 Ne5 16. Nb6 Rb8 17. Qe2 Qh4 18. Nxc8 Rbxc8 19. f4 Ng6 20. Qf3 Kh8 21. Bd2 f5 22. exf5 Ne7 23. f6 Bxf6 24. Ne4 Bd4+ 25. Kh2 Nf5 26. Ng5 h6 27. Be1 Rxe1 28. Raxe1 hxg5 29. fxg5 Ng7 30. g6 Qg5 31. Qf8+ 1-0

[Event "Oberliga NRW 0910"]
[Site "Germany"]
[Date "2010.01.31"]
[Round "6.8"]
[White "Weber, Franz Josef"]
[Black "Winkels, Marcel"]
[Result "1-0"]
[WhiteElo "2096"]
[BlackElo "2112"]
[PlyCount "105"]
[EventDate "2009.09.20"]
[EventType "team-tourn"]
[EventRounds "9"]
[EventCountry "GER"]
[SourceTitle "EXT 2011"]
[Source "ChessBase"]
[SourceDate "2010.11.26"]
[SourceVersion "1"]
[SourceVersionDate "2010.11.26"]
[SourceQuality "1"]
[WhiteTeam "Monheim"]
[BlackTeam "Muelheim Nord II"]
[WhiteTeamCountry "GER"]
[BlackTeamCountry "GER"]

1. e4 c5 2. Nf3 Nc6 3. d4 cxd4 4. Nxd4 Nf6 5. Nc3 e5 6. Ndb5 d6 7. Bg5 a6 8. Na3 b5 9. Nd5 Be7 10. Bxf6 Bxf6 11. c3 0-0 12. Nc2 Bg5 13. Bd3 Ne7 14. Nxe7+ Qxe7 15. a4 bxa4 16. Rxa4 a5 17. 0-0 Bd7 18. Ra3 Bc6 19. Qe2 d5 20. exd5 Bxd5 21. Bxh7+ Kxh7 22. Qd3+ Kg8 23. Qxd5 Rfd8 24. Qe4 Ra7 25. g3 Rd2 26. Rb3 g6 27. Ne3 Re2 28. Qd3 Rxe3 29. fxe3 Rd7 30. Qe4 Qc5 31. Rb8+ Kg7 32. Qa8 Bxe3+ 33. Kh1 f5 34. Rg8+ Kf6 35. Qf8+ Qxf8 36. Rxf8+ Kg5 37. Re1 f4 38. Re2 Rd5 39. Kg2 Kh6 40. Kf3 Kg7 41. Rb8 Rc5 42. h3 Kf6 43. Rb6+ Kf7 44. gxf4 exf4 45. Ra6 Rg5 46. Rg2 Rh5 47. Raxg6 Rxh3+ 48. Ke4 Bc1 49. Rg7+ Kf8 50. Rb7 Re3+ 51. Kf5 f3 52. Rh2 Kg8 53. Kf6 1-0

[Event "Oberliga NRW 0910"]
[Site "Germany"]
[Date "2010.01.10"]
[Round "5.8"]
[White "Weber, Franz Josef"]
[Black "Grobbel, Rainer"]
[Result "1/2-1/2"]
[WhiteElo "2096"]
[BlackElo "2126"]
[PlyCount "36"]
[EventDate "2009.09.20"]
[EventType "team-tourn"]
[EventRounds "9"]
[EventCountry "GER"]
[SourceTitle "EXT 2011"]
[Source "ChessBase"]
[SourceDate "2010.11.26"]
[SourceVersion "1"]
[SourceVersionDate "2010.11.26"]
[SourceQuality "1"]
[WhiteTeam "Monheim"]
[BlackTeam "Lippstadt Turm"]
[WhiteTeamCountry "GER"]
[BlackTeamCountry "GER"]

1. e4 c5 2. Nf3 e6 3. c3 Nf6 4. Bd3 d6 5. 0-0 Be7 6. Bc2 0-0 7. d4 Nbd7 8. e5 dxe5 9. dxe5 Nd5 10. Nbd2 Qc7 11. Qe2 Rd8 12. a3 Rb8 13. Re1 a6 14. g3 b5 15. c4 bxc4 16. Nxc4 N7b6 17. Nxb6 Nxb6 18. Bg5 Bb7 1/2-1/2

[Event "Oberliga NRW 0910"]
[Site "Germany"]
[Date "2009.09.20"]
[Round "1.8"]
[White "Weber, Franz Josef"]
[Black "Heldt, Heinrich"]
[Result "1-0"]
[WhiteElo "2096"]
[BlackElo "1825"]
[PlyCount "105"]
[EventDate "2009.09.20"]
[EventType "team-tourn"]
[EventRounds "9"]
[EventCountry "GER"]
[SourceTitle "EXT 2011"]
[Source "ChessBase"]
[SourceDate "2010.11.26"]
[SourceVersion "1"]
[SourceVersionDate "2010.11.26"]
[SourceQuality "1"]
[WhiteTeam "Monheim"]
[BlackTeam "Katernberg II"]
[WhiteTeamCountry "GER"]
[BlackTeamCountry "GER"]

1. e4 e6 2. d4 d5 3. e5 c5 4. c3 Nc6 5. Nf3 Nge7 6. a3 Ng6 7. Bd3 Qb6 8. h4 Bd7 9. Bc2 cxd4 10. cxd4 Na5 11. Nc3 Rc8 12. 0-0 Nc4 13. Rb1 Qd8 14. g3 b6 15. Qd3 h6 16. Nh2 Ne7 17. b3 Na5 18. Bd2 Nf5 19. Ra1 Be7 20. Rfc1 Nc6 21. Nf3 a6 22. b4 b5 23. Ne2 Qb6 24. h5 Qd8 25. Kg2 a5 26. Rab1 axb4 27. axb4 Qb6 28. Rh1 Bf8 29. g4 Nfe7 30. Nf4 Ra8 31. Ra1 Qb7 32. Bc3 Nc8 33. Rxa8 Qxa8 34. Ra1 Qb7 35. Rb1 Be7 36. Qd2 Nb6 37. Nd3 Nc4 38. Qc1 Nd8 39. Nc5 Bxc5 40. bxc5 Nc6 41. g5 N6xe5 42. dxe5 d4 43. Bxd4 Bc6 44. Bd1 Qd7 45. Qf4 hxg5 46. Qg4 g6 47. hxg6 fxg6 48. Bc2 Qf7 49. Be4 Bxe4 50. Qxe4 0-0 51. Nxg5 Nd2 52. Nxf7 Nxe4 53. Nd6 1-0

[Event "NRW Class1 0809"]
[Site "Germany"]
[Date "2009.04.26"]
[Round "9.7"]
[White "Weber, Franz Josef"]
[Black "Willenberg, Max"]
[Result "1-0"]
[WhiteElo "2114"]
[BlackElo "2100"]
[PlyCount "93"]
[EventDate "2008.09.21"]
[EventType "team-tourn"]
[EventRounds "9"]
[EventCountry "GER"]
[SourceTitle "EXT 2010"]
[Source "ChessBase"]
[SourceDate "2010.11.25"]
[SourceVersion "1"]
[SourceVersionDate "2010.11.25"]
[SourceQuality "1"]
[WhiteTeam "Monheim"]
[BlackTeam "Brackweda"]
[WhiteTeamCountry "GER"]
[BlackTeamCountry "GER"]

1. e4 c5 2. Nf3 Nc6 3. d4 cxd4 4. Nxd4 Nf6 5. Nc3 e5 6. Ndb5 d6 7. Bg5 a6 8. Na3 b5 9. Nd5 Be7 10. Bxf6 Bxf6 11. c3 Rb8 12. Nc2 Bg5 13. Bd3 0-0 14. h4 Bh6 15. g4 Bf4 16. Qf3 Re8 17. Kf1 Bb7 18. Rd1 Qa5 19. a3 Qa4 20. Kg2 Ne7 21. Ncb4 Nxd5 22. Bc2 Nf6 23. Bxa4 Bxe4 24. Qxe4 Nxe4 25. Bc2 Nc5 26. Rxd6 Rbd8 27. Rhd1 Rxd6 28. Rxd6 Bc1 29. Rc6 Na4 30. Nd3 Bxb2 31. Bxa4 Bxa3 32. Bb3 Kf8 33. Rxa6 e4 34. Nf4 Bb2 35. Nd5 Rc8 36. Rb6 Bxc3 37. Rxb5 Be5 38. Rb7 Re8 39. Nb4 Re7 40. Rxe7 Kxe7 41. Nc6+ Kd6 42. Nxe5 Kxe5 43. Bxf7 Kf4 44. Be6 e3 45. fxe3+ Kxe3 46. Kg3 g6 47. g5 1-0

[Event "NRW Class1 0809"]
[Site "Germany"]
[Date "2009.03.01"]
[Round "7.8"]
[White "Weber, Franz Josef"]
[Black "Beumer, Sebas"]
[Result "0-1"]
[WhiteElo "2114"]
[BlackElo "1976"]
[PlyCount "120"]
[EventDate "2008.09.21"]
[EventType "team-tourn"]
[EventRounds "9"]
[EventCountry "GER"]
[SourceTitle "EXT 2010"]
[Source "ChessBase"]
[SourceDate "2010.11.25"]
[SourceVersion "1"]
[SourceVersionDate "2010.11.25"]
[SourceQuality "1"]
[WhiteTeam "Monheim"]
[BlackTeam "Kleve Turm"]
[WhiteTeamCountry "GER"]
[BlackTeamCountry "GER"]

1. e4 c5 2. Nf3 d6 3. d4 cxd4 4. Qxd4 Nc6 5. Bb5 Bd7 6. Bxc6 bxc6 7. c4 e5 8. Qd3 Be7 9. Nc3 Be6 10. 0-0 Nf6 11. Rd1 0-0 12. b4 Nd7 13. a4 f5 14. a5 Rb8 15. b5 Nc5 16. Qe2 Qc7 17. bxc6 fxe4 18. Nxe4 Nb3 19. Neg5 Bf5 20. g4 Nxa1 21. gxf5 Qxc6 22. Nd4 Qe8 23. Nb5 Nb3 24. Be3 Rxf5 25. Ne4 Nxa5 26. Nbxd6 Bxd6 27. Nxd6 Qg6+ 28. Kh1 Rf6 29. c5 Nc6 30. Qc4+ Kh8 31. Ne4 Qg4 32. Qd5 Qf3+ 33. Kg1 Rd8 34. Nd6 Qxd5 35. Rxd5 Kg8 36. Kf1 Rd7 37. Ke2 Rf8 38. Kd2 Rf3 39. Kc3 Rf8 40. Rd1 Rb8 41. Kc4 Ne7 42. Ra1 Kf8 43. Ra6 Rb2 44. Nb5 Rb7 45. Nc3 R2b3 46. c6 R7b4+ 47. Kc5 Nxc6 48. Nd5 Nb8 49. Rxa7 Rb7 50. Ra8 Kf7 51. Ra5 Ke6 52. Kc4 Rb2 53. h4 h6 54. h5 Kf5 55. Nc3 Rc7+ 56. Kd3 Rb3 57. Bd2 Nd7 58. Kc2 Rb6 59. Kd3 Nc5+ 60. Kc2 Nb3 0-1

[Event "NRW Class1 0809"]
[Site "Germany"]
[Date "2009.02.01"]
[Round "6.8"]
[White "Gruettemeier, Uwe"]
[Black "Weber, Franz Josef"]
[Result "1-0"]
[WhiteElo "2150"]
[BlackElo "2114"]
[PlyCount "65"]
[EventDate "2008.09.21"]
[EventType "team-tourn"]
[EventRounds "9"]
[EventCountry "GER"]
[SourceTitle "EXT 2010"]
[Source "ChessBase"]
[SourceDate "2010.11.25"]
[SourceVersion "1"]
[SourceVersionDate "2010.11.25"]
[SourceQuality "1"]
[WhiteTeam "Bielefeld"]
[BlackTeam "Monheim"]
[WhiteTeamCountry "GER"]
[BlackTeamCountry "GER"]

1. d4 c5 2. d5 e6 3. c4 exd5 4. cxd5 d6 5. Nc3 g6 6. e4 Nf6 7. Nf3 Bg7 8. Bg5 0-0 9. Nd2 a6 10. Be2 Nbd7 11. Qc2 Re8 12. 0-0 Ne5 13. f4 Neg4 14. Bxg4 Bxg4 15. Rae1 h6 16. Bh4 Qc7 17. h3 Bd7 18. e5 dxe5 19. fxe5 Rxe5 20. Bg3 Nh5 21. Bxe5 Bxe5 22. Nf3 Bg3 23. Re7 Qd6 24. Qe2 Kf8 25. Ne5 Bf5 26. Rxf7+ Kg8 27. R1xf5 gxf5 28. Qxh5 Bxe5 29. Qxf5 Bd4+ 30. Kh1 Bg7 31. Ne4 Qd8 32. Qg6 Qf8 33. Nf6+ 1-0

[Event "NRW Class2 0708"]
[Site "Germany"]
[Date "2008.04.27"]
[Round "9.7"]
[White "Weber, Franz Josef"]
[Black "Pinnel, Peter"]
[Result "1/2-1/2"]
[WhiteElo "2112"]
[BlackElo "2114"]
[PlyCount "59"]
[EventDate "2007.09.16"]
[EventType "team"]
[EventRounds "9"]
[EventCountry "GER"]
[SourceTitle "EXT 2009"]
[Source "ChessBase"]
[SourceDate "2008.11.26"]
[SourceVersion "1"]
[SourceVersionDate "2008.11.26"]
[SourceQuality "1"]
[WhiteTeam "Monheim"]
[BlackTeam "Hagen"]
[WhiteTeamCountry "GER"]
[BlackTeamCountry "GER"]

1. e4 e6 2. d3 c5 3. Nf3 Nc6 4. g3 g6 5. Bg2 Bg7 6. c3 Nge7 7. 0-0 0-0 8. Qe2 d6 9. Be3 e5 10. Nbd2 f5 11. Bg5 Be6 12. exf5 Bxf5 13. Rfe1 Qd7 14. Bxe7 Qxe7 15. d4 cxd4 16. cxd4 Bg4 17. Qc4+ Kh8 18. d5 Bxf3 19. Nxf3 Na5 20. Qe2 b6 21. Nd4 Nb7 22. Rac1 Rac8 23. Ne6 Rg8 24. b4 Bh6 25. Rc4 Rxc4 26. Qxc4 Nd8 27. Nd4 Qd7 28. Nc6 Qf7 29. Nxd8 Rxd8 30. Qh4 1/2-1/2

[Event "NRW Class2 0708"]
[Site "Germany"]
[Date "2008.03.02"]
[Round "7.6"]
[White "Rohde, Ulrich"]
[Black "Weber, Franz Josef"]
[Result "0-1"]
[WhiteElo "2229"]
[BlackElo "2112"]
[PlyCount "68"]
[EventDate "2007.09.16"]
[EventType "team"]
[EventRounds "9"]
[EventCountry "GER"]
[SourceTitle "EXT 2009"]
[Source "ChessBase"]
[SourceDate "2008.11.26"]
[SourceVersion "1"]
[SourceVersionDate "2008.11.26"]
[SourceQuality "1"]
[WhiteTeam "Godesberg II"]
[BlackTeam "Monheim"]
[WhiteTeamCountry "GER"]
[BlackTeamCountry "GER"]

1. Nf3 Nf6 2. c4 e6 3. g3 b6 4. Bg2 Bb7 5. 0-0 c5 6. Nc3 Be7 7. Re1 0-0 8. e4 d6 9. d4 cxd4 10. Nxd4 Qc8 11. Be3 Nbd7 12. f4 Nc5 13. Bf2 Rd8 14. Rc1 e5 15. Nf5 Bf8 16. Nd5 Bxd5 17. cxd5 Qd7 18. g4 exf4 19. Bh4 Re8 20. Bxf6 gxf6 21. b4 Na4 22. Rc6 b5 23. Qf3 Nb2 24. Qc3 Nc4 25. Qxf6 a5 26. g5 Ne3 27. Rc7 Qxc7 28. Nh6+ Bxh6 29. gxh6 Kf8 30. Bh3 Re5 31. Qh8+ Ke7 32. Qxa8 Qc3 33. Kf2 Qd4 34. Qb7+ Kf6 0-1

[Event "NRW Class2 0607"]
[Site "Germany"]
[Date "2006.09.17"]
[Round "1.6"]
[White "Boehnke, Martin"]
[Black "Weber, Franz Josef"]
[Result "0-1"]
[WhiteElo "2199"]
[BlackElo "2140"]
[PlyCount "56"]
[EventDate "2006.09.17"]
[EventType "team-tourn"]
[EventRounds "9"]
[EventCountry "GER"]
[SourceTitle "EXT 2007"]
[Source "ChessBase"]
[SourceDate "2006.11.23"]
[SourceVersion "1"]
[SourceVersionDate "2006.11.23"]
[SourceQuality "1"]
[WhiteTeam "Castrop Rauxel"]
[BlackTeam "Monheim"]
[WhiteTeamCountry "GER"]
[BlackTeamCountry "GER"]

1. d4 c5 2. Nf3 cxd4 3. Nxd4 e5 4. Nf3 Nf6 5. c4 Bc5 6. Nc3 Nc6 7. e3 0-0 8. Be2 Re8 9. 0-0 e4 10. Nd4 Ne5 11. b3 d6 12. Bb2 a6 13. Qc2 Ng6 14. Rad1 Bd7 15. a3 Rc8 16. b4 Ba7 17. Rd2 Qe7 18. Rfd1 Qe5 19. Nb3 Qg5 20. Nd5 Ng4 21. c5 Bb8 22. h3 Nxf2 23. Kxf2 dxc5 24. Nxc5 Qg3+ 25. Kf1 Bxh3 26. Bc4 Bg4 27. Nxe4 Qh4 28. Nf2 Bxd1 0-1

[Event "NRW Class1 0506"]
[Site "Germany"]
[Date "2006.03.05"]
[Round "7.7"]
[White "Koth, Stefan"]
[Black "Weber, Franz Josef"]
[Result "1/2-1/2"]
[WhiteElo "2182"]
[BlackElo "2138"]
[PlyCount "51"]
[EventDate "2005.09.25"]
[EventType "team"]
[EventRounds "9"]
[EventCountry "GER"]
[SourceTitle "EXT 2006"]
[Source "ChessBase"]
[SourceDate "2005.11.24"]
[SourceVersion "1"]
[SourceVersionDate "2005.11.24"]
[SourceQuality "1"]
[WhiteTeam "Brackel"]
[BlackTeam "Monheim"]
[WhiteTeamCountry "GER"]
[BlackTeamCountry "GER"]

1. c4 Nf6 2. Nc3 e6 3. e4 d5 4. e5 Ne4 5. d4 Bb4 6. Bd2 Nxd2 7. Qxd2 c5 8. a3 Ba5 9. Nf3 Nc6 10. cxd5 exd5 11. Bb5 c4 12. 0-0 0-0 13. Qf4 f6 14. exf6 Rxf6 15. Qg5 Bf5 16. Rfe1 Bc7 17. Rad1 h6 18. Qh5 Qd6 19. Re3 Rd8 20. Rde1 Bg6 21. Qh3 Bf7 22. Ba4 a6 23. Bc2 Rxf3 24. gxf3 Nxd4 25. Bb1 Qf6 26. Ne2 1/2-1/2